00346 a2200097 4500001000900000005001700009008004100026245007800067100002400145773007900169ART_889120260410161845.0260409a 10aLa influencia del sector informal urbano sobre la desigualdad económica1 aTokman, Víctor E.0 tEl trimestre económicog- Vol. XLVIII, Nº 192 (oct./dic. 1981)wREV6933